<?xml version="1.0" encoding="UTF-8"?>
<collection xmlns="http://www.loc.gov/MARC21/slim">
 <record>
  <leader>07320nam a2200385 a 4500</leader>
  <controlfield tag="001">kal3898</controlfield>
  <controlfield tag="003">Gr-AtHEAL</controlfield>
  <controlfield tag="005">20160421154743.0</controlfield>
  <controlfield tag="006">m        d        </controlfield>
  <controlfield tag="008">160413s2015    gr      s           gre|c</controlfield>
  <datafield tag="020" ind1=" " ind2=" ">
   <subfield code="a">9789606034794</subfield>
  </datafield>
  <datafield tag="040" ind1=" " ind2=" ">
   <subfield code="a">GR-AtHEAL</subfield>
   <subfield code="b">gre</subfield>
   <subfield code="c">GR-AtHEAL</subfield>
  </datafield>
  <datafield tag="082" ind1="0" ind2="4">
   <subfield code="a">631.3</subfield>
   <subfield code="2">23</subfield>
  </datafield>
  <datafield tag="100" ind1="1" ind2=" ">
   <subfield code="a">Παπαϊωάννου, Χρυσούλα.</subfield>
   <subfield code="8">1178</subfield>
  </datafield>
  <datafield tag="245" ind1="1" ind2="0">
   <subfield code="a">Γεωργική μηχανική</subfield>
   <subfield code="h">[Ηλεκτρονικός πόρος] </subfield>
   <subfield code="c">Παπαϊωάννου, Χρυσούλα ; Κριτικός αναγνώστης,Γέμτος, Θεοφάνης ; Γραφιστική επιμέλεια,Στραγάλη, Φαίδρα ; Γλωσσική επιμέλεια,Βιολιτζή, Γεωργία.</subfield>
  </datafield>
  <datafield tag="260" ind1=" " ind2=" ">
   <subfield code="a">Αθήνα :</subfield>
   <subfield code="b">Σύνδεσμος Ελληνικών Ακαδημαϊκών Βιβλιοθηκών,</subfield>
   <subfield code="c">c2015.</subfield>
  </datafield>
  <datafield tag="490" ind1=" " ind2=" ">
   <subfield code="a">Ακαδημαϊκά Ηλεκτρονικά Συγγράμματα και Βοηθήματα Κάλλιπος</subfield>
   <subfield code="8">40</subfield>
  </datafield>
  <datafield tag="505" ind1=" " ind2=" ">
   <subfield code="a">1. Μεθοδολογία Επίλυσης Προβλημάτων Γεωργικής Μηχανικής και Τρόποι Παρουσίασης Αποτελεσμάτων 2. Συνηθέστεροι Μαθηματικοί Τύποι και Μονάδες της Γεωργικής Μηχανικής 3. Η χρήση των Απλών Μηχανών στα Γεωργικά Μηχανήματα 4. Η Παραγωγή της Ισχύος στον Γεωργικό Ελκυστήρα 5. Μετάδοση Κίνησης στα Γεωργικά Μηχανήματα 6. Τύποι Γεωργικών Μηχανημάτων και Ισχυοδότηση αυτών 7. Δοκιμές Γεωργικών Μηχανημάτων 8. Διάλεξη: Ρύθμιση Γεωργικών Μηχανημάτων 9. Αποδοτικότητα και Δυνατότητες του Αγροτικού Εξοπλισμού 10. Γεωργική Μηχανική και Ανθρώπινη Υγεία 11. Προστασία Υλικών από Διάβρωση 12. Καλλιεργητικές Τεχνικές υπό Κάλυψη, Φιλικές στο Περιβάλλον</subfield>
  </datafield>
  <datafield tag="520" ind1=" " ind2=" ">
   <subfield code="a">Η Γεωργική Μηχανική αποτελεί αναπόσπαστο κομμάτι της Επιστήμης της Γεωπονίας, διότι αφορά τη χρήση της Τεχνολογίας στη Γεωργία. Κατά συνέπεια το βιβλίο αυτό, απευθύνεται σε προπτυχιακούς και μεταπτυχιακούς φοιτητές της Γεωπονικής Επιστήμης και σε όσους ασχολούνται με τη Γεωργία γενικότερα. Το συγκεκριμένο βιβλίο μελετά, αναλύει, εξηγεί και επιλέγει τα βέλτιστα υποστηρικτικά συστήματα του περιβάλλοντος των φυτών και των ζώων, διότι η Γεωργική Μηχανική είναι εκείνος ο επιστημονικός κλάδος ο οποίος υλοποιεί τις απαιτήσεις που θέτει η καθαρά Γεωπονική Επιστήμη, για τη βέλτιστη αύξηση και ανάπτυξη των φυτών και των ζώων. Κατά συνέπεια στο βιβλίο αυτό περιέχονται σε επίπεδο εισαγωγικό, οι τρόποι και η μεθοδολογία επίλυσης στοιχειωδών προβλημάτων Γεωργικής Μηχανικής. Δίνονται οι τυπικοί τρόποι παρουσίασης ενός αποτελέσματος μιας παραγωγικής διαδικασίας και οι βασικοί μαθηματικοί τύποι που συναντιούνται κατ επανάληψη στη Γεωργική Μηχανική. Τέλος, εφιστάτε η προσοχή σε όσους πρόκειται να ασχοληθούν με τη Γεωργία σε θέματα εξοικονόμησης διαθέσιμων πόρων, διότι το ζητούμενο σε οποιοδήποτε διαδικασία είναι η μεγιστοποίηση του αποτελέσματος. Ανάμεσα λοιπόν στα θέματα του βιβλίου, είναι:- η μετάδοση της κίνησης στους γεωργικούς μηχανισμούς και τα μηχανήματα και οι συνηθέστεροι τρόποι παραγωγής ισχύος στη Γεωργία,- η βαθμονόμηση των μηχανημάτων, η αποδοτικότητα και οι δυνατότητες ενός εξοπλισμού, - η κατανάλωση ενέργειας,- ο ήχος και ο θόρυβος και οι συνέπειες τους στην ανθρώπινη υγεία,- τα στοιχεία από την τοπογραφία που πρέπει να γνωρίζουν όσοι ασχολούνται με τη Γεωργία, - ο τρόπος αξιοποίησης των κλιματολογικών δεδομένων και των απορροών των βροχοπτώσεων στη Γεωργία, - οι επικρατέστεροι τρόποι άρδευσης και η σύγχρονη τεχνολογία στην εξοικονόμηση νερού, - η διάβρωση και οι τρόποι αντιμετώπισης της, - η συντήρηση των βιολογικών προϊόντων, γιατί οποιαδήποτε παραγωγική διαδικασία αυτόματα ακυρώνεται, αν δεν διασφαλιστεί μετασυλλεκτικά, η ποιότητα των προϊόντων.</subfield>
  </datafield>
  <datafield tag="650" ind1=" " ind2="0">
   <subfield code="a">Agricultural Engineering</subfield>
   <subfield code="8">1179</subfield>
  </datafield>
  <datafield tag="653" ind1=" " ind2=" ">
   <subfield code="a">Αποδοτικοί τρόποι καλλιέργειας</subfield>
  </datafield>
  <datafield tag="653" ind1=" " ind2=" ">
   <subfield code="a">Διάβρωση μετάλλων</subfield>
  </datafield>
  <datafield tag="653" ind1=" " ind2=" ">
   <subfield code="a">Ηχος στα γεωργικά μηχανήματα</subfield>
  </datafield>
  <datafield tag="653" ind1=" " ind2=" ">
   <subfield code="a">Απλές μηχανές</subfield>
  </datafield>
  <datafield tag="653" ind1=" " ind2=" ">
   <subfield code="a">Ελκυστήρες και μονάδες ισχύος</subfield>
  </datafield>
  <datafield tag="653" ind1=" " ind2=" ">
   <subfield code="a">Μετάδοση κίνησης</subfield>
  </datafield>
  <datafield tag="653" ind1=" " ind2=" ">
   <subfield code="a">Γεωπονικές επιστήμες</subfield>
   <subfield code="a">Έρευνα, τεχνολογία και μηχανική (γεωπονικές επιστήμες)</subfield>
   <subfield code="a">Γεωργικές κατασκευές</subfield>
  </datafield>
  <datafield tag="653" ind1=" " ind2=" ">
   <subfield code="a">Γεωπονικές επιστήμες</subfield>
   <subfield code="a">Έρευνα, τεχνολογία και μηχανική (γεωπονικές επιστήμες)</subfield>
   <subfield code="a">Γεωργική μηχανολογία</subfield>
  </datafield>
  <datafield tag="653" ind1=" " ind2=" ">
   <subfield code="a">Γεωπονικές επιστήμες</subfield>
   <subfield code="a">Έρευνα, τεχνολογία και μηχανική (γεωπονικές επιστήμες)</subfield>
   <subfield code="a">Γεωργική μηχανική</subfield>
  </datafield>
  <datafield tag="700" ind1="1" ind2=" ">
   <subfield code="a">Γέμτος, Θεοφάνης</subfield>
   <subfield code="e">Κριτικός αναγνώστης</subfield>
   <subfield code="8">1180</subfield>
  </datafield>
  <datafield tag="856" ind1="4" ind2="0">
   <subfield code="u">http://hdl.handle.net/11419/3898</subfield>
   <subfield code="z">Πλήρες Κείμενο - Full text</subfield>
  </datafield>
  <datafield tag="907" ind1=" " ind2=" ">
   <subfield code="a">.b2568128x</subfield>
   <subfield code="b">12-06-18</subfield>
   <subfield code="c">29-07-16</subfield>
  </datafield>
  <datafield tag="949" ind1=" " ind2=" ">
   <subfield code="0">0</subfield>
   <subfield code="1">0</subfield>
   <subfield code="2">ddc</subfield>
   <subfield code="4">0</subfield>
   <subfield code="6">631_300000000000000_ΠΑΠ</subfield>
   <subfield code="7">0</subfield>
   <subfield code="8">KALL</subfield>
   <subfield code="8">887</subfield>
   <subfield code="d">2016-04-13</subfield>
   <subfield code="r">2016-04-13</subfield>
   <subfield code="w">2016-04-13</subfield>
   <subfield code="z">631.3 ΠΑΠ</subfield>
   <subfield code="o">SEAB KALLIPOS</subfield>
  </datafield>
  <datafield tag="998" ind1=" " ind2=" ">
   <subfield code="a">80</subfield>
   <subfield code="a">01</subfield>
   <subfield code="a">02</subfield>
   <subfield code="a">03</subfield>
   <subfield code="a">04</subfield>
   <subfield code="a">05</subfield>
   <subfield code="a">06</subfield>
   <subfield code="a">07</subfield>
   <subfield code="a">08</subfield>
   <subfield code="a">09</subfield>
   <subfield code="a">10</subfield>
   <subfield code="a">11</subfield>
   <subfield code="a">12</subfield>
   <subfield code="a">13</subfield>
   <subfield code="a">14</subfield>
   <subfield code="a">15</subfield>
   <subfield code="a">16</subfield>
   <subfield code="a">17</subfield>
   <subfield code="a">18</subfield>
   <subfield code="a">19</subfield>
   <subfield code="a">20</subfield>
   <subfield code="a">21</subfield>
   <subfield code="a">22</subfield>
   <subfield code="a">23</subfield>
   <subfield code="a">24</subfield>
   <subfield code="a">25</subfield>
   <subfield code="a">26</subfield>
   <subfield code="b">25-05-17</subfield>
   <subfield code="c">m</subfield>
   <subfield code="d">z  </subfield>
   <subfield code="e">-</subfield>
   <subfield code="f">gre</subfield>
   <subfield code="g">gr </subfield>
   <subfield code="h">0</subfield>
  </datafield>
  <datafield tag="942" ind1=" " ind2=" ">
   <subfield code="2">ddc</subfield>
   <subfield code="c">KALLIPOS</subfield>
  </datafield>
 </record>
</collection>
